[Event "Paris-ch op-B 87th"]
[Site "Paris"]
[Date "2012.07.09"]
[Round "3"]
[White "Contois, Frederick Andre"]
[Black "Vicente, Marcel"]
[Result "0-1"]
[WhiteElo "1914"]
[BlackElo "2064"]
[PlyCount "114"]
[EventDate "2012.07.07"]
[EventType "swiss"]
[EventRounds "9"]
[EventCountry "FRA"]
[SourceTitle "EXT 2013"]
[Source "ChessBase"]
[SourceDate "2012.11.22"]
[SourceVersion "1"]
[SourceVersionDate "2012.11.22"]
[SourceQuality "1"]

1. e4 d5 2. exd5 Nf6 3. Nc3 Nxd5 4. Bc4 c6 5. Qf3 e6 6. Nge2 Be7 7. d3 0-0 8. h4 Nd7 9. Qg3 Kh8 10. Bg5 N7f6 11. Ne4 b6 12. 0-0-0 b5 13. Bxd5 cxd5 14. Nxf6 Bxf6 15. Nf4 Qc7 16. Qf3 Be5 17. Nh5 f6 18. d4 Bd6 19. Bf4 Bb7 20. Bxd6 Qxd6 21. Qg3 Qe7 22. Rhe1 Qf7 23. Nf4 e5 24. dxe5 fxe5 25. Nh3 e4 26. Rd2 Rac8 27. Ng5 Qf6 28. Kb1 h6 29. Nh3 d4 30. Red1 Rcd8 31. Qc7 Rf7 32. Qc5 d3 33. c3 a6 34. g3 Re8 35. Qe3 b4 36. Qd4 bxc3 37. bxc3 Qc6 38. Rc1 Rd7 39. Qb4 Rd5 40. Ka1 Rb5 41. Qa3 Rc5 42. Kb2 Rb8 43. Ka1 Ba8 44. Rb2 Rcb5 45. Rxb5 Qxb5 46. Qb3 Qe5 47. Qd1 Bd5 48. Nf4 Bf7 49. Qd2 Kg8 50. Rb1 Rc8 51. Rc1 Rc4 52. a3 Ra4 53. Qb2 Qd6 54. Kb1 Rxa3 55. c4 Qc5 56. Nd5 Ra4 57. Qb3 Qa5 0-1

[Event "Paris-ch op-A"]
[Site "Paris"]
[Date "2010.07.11"]
[Round "9"]
[White "Adjem, Mondher"]
[Black "Vicente, Marcel"]
[Result "0-1"]
[WhiteElo "2110"]
[BlackElo "2088"]
[PlyCount "90"]
[EventDate "2010.07.03"]
[EventType "swiss"]
[EventRounds "9"]
[EventCountry "FRA"]
[SourceTitle "CBM 137 Extra"]
[Source "ChessBase"]
[SourceDate "2010.09.01"]
[SourceVersion "1"]
[SourceVersionDate "2010.09.01"]
[SourceQuality "1"]

1. e4 d5 2. exd5 Nf6 3. d4 Nxd5 4. c4 Nf6 5. Nc3 c6 6. g3 Bf5 7. Bg2 e6 8. a3 Be7 9. Nf3 0-0 10. Nh4 Bg4 11. Nf3 Nbd7 12. h3 Bh5 13. g4 Bg6 14. Nh4 Qc7 15. 0-0 Rad8 16. f4 Rfe8 17. Nxg6 hxg6 18. Qe2 a6 19. b4 b5 20. c5 Nd5 21. Ne4 N7f6 22. Ng3 Nc3 23. Qe5 Qd7 24. Bb2 Na4 25. Ra2 Nd5 26. g5 Ra8 27. h4 Bd8 28. Qe1 Bc7 29. Qd2 a5 30. Ba1 axb4 31. axb4 Rad8 32. Be4 Nxf4 33. Rxf4 e5 34. Rf3 exd4 35. Qg2 Bxg3 36. Rxg3 Re6 37. Rd3 Qe8 38. Re2 Qe7 39. Rxd4 Re8 40. Kf1 Nxc5 41. bxc5 Qxc5 42. Rd1 Rxe4 43. Rxe4 Qf5+ 44. Qf2 Qxe4 45. Re1 Qh1+ 0-1

[Event "Paris-ch op-A"]
[Site "Paris"]
[Date "2010.07.10"]
[Round "8"]
[White "Vicente, Marcel"]
[Black "Ravot, Emmanuel"]
[Result "1-0"]
[WhiteElo "2088"]
[BlackElo "1988"]
[PlyCount "65"]
[EventDate "2010.07.03"]
[EventType "swiss"]
[EventRounds "9"]
[EventCountry "FRA"]
[SourceTitle "CBM 137 Extra"]
[Source "ChessBase"]
[SourceDate "2010.09.01"]
[SourceVersion "1"]
[SourceVersionDate "2010.09.01"]
[SourceQuality "1"]

1. c4 g6 2. Nc3 Bg7 3. e4 d6 4. g3 c5 5. Bg2 Nc6 6. Nge2 Nf6 7. 0-0 0-0 8. d3 Bd7 9. Rb1 Ne8 10. a3 Nc7 11. b4 b6 12. b5 Nd4 13. Nxd4 Bxd4 14. Bb2 a6 15. a4 a5 16. h3 Ne6 17. Ne2 Bxb2 18. Rxb2 Rc8 19. f4 Ng7 20. g4 f6 21. f5 g5 22. Bf3 Kf7 23. Ng3 Rh8 24. Rh2 Qf8 25. Kf2 h6 26. Rfh1 Qd8 27. h4 Rg8 28. hxg5 hxg5 29. Rh7 Qc7 30. R1h6 d5 31. exd5 Kf8 32. Qe2 Ne8 33. Qxe7# 1-0

[Event "Paris-ch op-A"]
[Site "Paris"]
[Date "2010.07.05"]
[Round "3"]
[White "Bernabeu, Xavier"]
[Black "Vicente, Marcel"]
[Result "1/2-1/2"]
[WhiteElo "1975"]
[BlackElo "2088"]
[PlyCount "20"]
[EventDate "2010.07.03"]
[EventType "swiss"]
[EventRounds "9"]
[EventCountry "FRA"]
[SourceTitle "CBM 137 Extra"]
[Source "ChessBase"]
[SourceDate "2010.09.01"]
[SourceVersion "1"]
[SourceVersionDate "2010.09.01"]
[SourceQuality "1"]

1. e4 d5 2. d4 dxe4 3. Nc3 Nf6 4. f3 e3 5. Bxe3 e6 6. Bc4 Bb4 7. Nge2 0-0 8. Qd3 Nbd7 9. 0-0-0 Nb6 10. d5 Bxc3 1/2-1/2

[Event "Syre Memorial op 24th"]
[Site "Issy les Moulineaux"]
[Date "2001.05.26"]
[Round "3"]
[White "Vicente, Marcel"]
[Black "Mascla, Jean"]
[Result "0-1"]
[WhiteElo "2101"]
[BlackElo "2224"]
[PlyCount "84"]
[EventDate "2001.05.25"]
[EventType "swiss"]
[EventRounds "6"]
[EventCountry "FRA"]
[SourceTitle "EXT 2003"]
[Source "ChessBase"]
[SourceDate "2002.11.25"]
[SourceVersion "1"]
[SourceVersionDate "2002.11.25"]
[SourceQuality "1"]

1. c4 e5 2. Nc3 Nc6 3. e4 Bc5 4. g3 d6 5. Bg2 a6 6. Nge2 f5 7. d3 Nf6 8. 0-0 fxe4 9. Nxe4 Nxe4 10. Bxe4 Bh3 11. Bg2 Qd7 12. Nc3 0-0-0 13. Ne4 Nd4 14. Ng5 Bf5 15. b4 Ba7 16. Kh1 Rdf8 17. Bb2 h6 18. Ne4 Bg4 19. f3 Bh3 20. Rc1 Bxg2+ 21. Kxg2 Nf5 22. Re1 Ne3+ 23. Rxe3 Bxe3 24. Rc2 Rf7 25. Qe2 Bd4 26. Bxd4 exd4 27. c5 dxc5 28. Rxc5 Rhf8 29. f4 Rf5 30. Qc2 Rxc5 31. Qxc5 Re8 32. Qa7 Qd5 33. Kf3 g5 34. Kg4 h5+ 35. Kh3 Qf5+ 36. Kg2 Rxe4 37. dxe4 Qxe4+ 38. Kg1 Qb1+ 39. Kg2 Qxa2+ 40. Kf3 Qd5+ 41. Kf2 Qa2+ 42. Kf3 Qd5+ 0-1

[Event "FRA-ch op Principal"]
[Site "Le Perreux"]
[Date "1994.??.??"]
[Round "3"]
[White "Vicente, Marcel"]
[Black "Fattoumi, Heykel"]
[Result "1-0"]
[WhiteElo "2040"]
[BlackElo "1960"]
[PlyCount "113"]
[EventDate "1994.??.??"]
[EventType "swiss"]
[EventRounds "7"]
[EventCountry "FRA"]
[SourceTitle "EXT 2004"]
[Source "ChessBase"]
[SourceDate "2003.11.25"]
[SourceVersion "1"]
[SourceVersionDate "2003.11.25"]
[SourceQuality "1"]

1. c4 c5 2. Nc3 Nf6 3. e4 d6 4. g3 g6 5. Bg2 Bg7 6. Nge2 Nc6 7. 0-0 0-0 8. d3 e6 9. h3 a6 10. Be3 Rb8 11. Qd2 b5 12. f4 Qc7 13. Rad1 b4 14. Nb1 Ne8 15. Qc1 f5 16. Nd2 Nf6 17. Rfe1 Bb7 18. Nb3 Nd7 19. e5 dxe5 20. Bxc5 Rfe8 21. Be3 a5 22. d4 a4 23. d5 axb3 24. dxc6 Bxc6 25. axb3 Bxg2 26. Kxg2 Nc5 27. Bxc5 Qxc5 28. fxe5 Bxe5 29. Nf4 Rbd8 30. h4 Bxf4 31. Qxf4 Rxd1 32. Rxd1 e5 33. Qd2 Ra8 34. Qd7 Qe3 35. Qd3 Qxd3 36. Rxd3 Ra2 37. Rd2 Kf7 38. Kf2 Ke6 39. Ke3 h6 40. Rc2 g5 41. hxg5 hxg5 42. Rh2 Kd6 43. Kd3 Ra8 44. Rh6+ Ke7 45. c5 Rd8+ 46. Ke2 Rd5 47. c6 Rc5 48. Kd2 Kf7 49. Rd6 f4 50. gxf4 exf4 51. Kd3 Ke7 52. Rg6 Kf7 53. Rd6 Ke7 54. Rg6 Kd8 55. Kd4 Rf5 56. Ke4 f3 57. Kxf5 1-0

[Event "Val Maubuee op"]
[Site "Val Maubuee"]
[Date "1989.??.??"]
[Round "?"]
[White "Vicente, Marcel"]
[Black "De Lagontrie, Jean"]
[Result "1/2-1/2"]
[WhiteElo "1710"]
[BlackElo "1920"]
[PlyCount "78"]
[EventDate "1989.04.??"]
[EventType "swiss"]
[EventRounds "9"]
[EventCountry "FRA"]
[SourceTitle "TD"]
[Source "ChessBase"]
[SourceDate "1994.03.01"]
[SourceVersion "1"]
[SourceVersionDate "1994.03.01"]
[SourceQuality "1"]

1. c4 Nf6 2. Nc3 e6 3. e4 c5 4. g3 Nc6 5. Bg2 d6 6. Nge2 Be7 7. 0-0 0-0 8. d3 e5 9. h3 a6 10. f4 Rb8 11. f5 b5 12. b3 b4 13. Nb1 Nd7 14. Be3 Nd4 15. Nd2 Kh8 16. Nf3 g6 17. Bh6 Rg8 18. Nfxd4 cxd4 19. Qd2 f6 20. fxg6 Rxg6 21. Rf2 Nc5 22. Raf1 Nxd3 23. Qxd3 Rxh6 24. g4 Rg6 25. Ng3 a5 26. Nh5 Be6 27. Qd2 Bg8 28. Kh2 a4 29. Rf3 axb3 30. axb3 Rb6 31. Qf2 Rb8 32. Nxf6 Rxf6 33. Rxf6 Bxf6 34. Qxf6+ Qxf6 35. Rxf6 Kg7 36. Rxd6 Bxc4 37. bxc4 b3 38. Bf1 b2 39. Bd3 b1Q 1/2-1/2